| 000 | 00729nam a22002417a 4500 | ||
|---|---|---|---|
| 003 | BUBTL | ||
| 008 | 190121b xxu||||| |||| 00| 0 eng d | ||
| 020 | _a0582060621 | ||
| 041 | _aEnglish | ||
| 082 |
_2 _a306.44/ H734i/ 1992 |
||
| 100 |
_aHolmes, Janet _95089 |
||
| 245 |
_aAn Introduction to Sociolinguistics/ _bJanet Holmes |
||
| 250 | _a1st ed. | ||
| 260 |
_aNew York _bLongman _cc1992 |
||
| 300 |
_a[xvi], 412 p, : _bill. ; 21 cm. |
||
| 500 | _aIncludes Index | ||
| 505 | _aAn Introduction to Sociolinguistics, Janet Holmes, Longman, English, English Language. | ||
| 526 | _aEnglish | ||
| 650 | 0 |
_2 _94706 _aEnglish Language _x |
|
| 856 |
_k0 _l0 _yDownload |
||
| 942 |
_2ddc _cBK |
||
| 999 |
_c5868 _d5868 |
||